[Event "44th Chess Olympiad Open 2022"]
[Site "Chennai"]
[Date "2022.07.30"]
[Round "2.34"]
[White "Ftacnik, Lubomir"]
[Black "Poh, Yu Tian"]
[Result "0-1"]
[WhiteElo "2483"]
[BlackElo "2118"]
[Annotator "TA"]
[PlyCount "114"]
[EventDate "2022.07.29"]
[EventType "team-tourn"]
[EventCountry "IND"]
[SourceTitle "playchess.com"]
[Source "ChessBase"]
[SourceQuality "1"]
[WhiteTeam "Slovakia"]
[BlackTeam "Malaysia"]
[WhiteTeamCountry "SVK"]
[BlackTeamCountry "MAS"]

1. d4 Nf6 2. Nf3 g6 3. c4 Bg7 4. Nc3 d5 5. cxd5 Nxd5 6. e4 Nxc3 7. bxc3 c5 8.
h3 Nc6 9. Be3 cxd4 10. cxd4 f5 11. exf5 Qa5+ 12. Bd2 Qxf5 13. Rc1 Be6 14. Rc5
Bd5 15. Bc4 Qe6+ 16. Qe2 Qxe2+ 17. Kxe2 Bxf3+ 18. gxf3 Nxd4+ 19. Ke3 Rd8 20.
Rd5 Nf5+ 21. Ke2 Rxd5 22. Bxd5 b6 23. Rc1 Kd7 24. Bc6+ Ke6 25. Be3 Bd4 26. Ba4
Rd8 27. Rc7 a5 28. Rb7 Kf6 29. f4 Rd6 30. Bb3 h5 31. Rb8 e6 32. Rb7 Bc5 33. Ba4
Bxe3 34. fxe3 e5 35. Bb3 exf4 36. exf4 Nd4+ 37. Ke3 Nxb3 38. axb3 g5 39. fxg5+
Kxg5 40. Kf2 Kh4 41. Kg2 Kg5 42. Kf2 Kf4 43. Rb8 Ke4 44. Ke2 Kd4 45. Kd2 Rg6
46. Rd8+ Kc5 47. Rh8 Rg5 48. h4 Rf5 49. Rh6 b5 50. Kc3 Rf3+ 51. Kc2 Kb4 52.
Rxh5 Rc3+ 53. Kd2 Rxb3 54. Rg5 Rh3 55. h5 a4 56. Kc2 Rh2+ 57. Kb1 a3 0-1

[Event "44th Chess Olympiad Open 2022"]
[Site "Chennai"]
[Date "2022.07.30"]
[Round "2.34"]
[White "Lim, Zhuo Ren"]
[Black "Pechac, Jergus"]
[Result "0-1"]
[WhiteElo "2318"]
[BlackElo "2594"]
[Annotator "TA"]
[PlyCount "72"]
[EventDate "2022.07.29"]
[EventType "team-tourn"]
[EventCountry "IND"]
[SourceTitle "playchess.com"]
[Source "ChessBase"]
[SourceQuality "1"]
[WhiteTeam "Malaysia"]
[BlackTeam "Slovakia"]
[WhiteTeamCountry "MAS"]
[BlackTeamCountry "SVK"]

1. d4 Nf6 2. Nf3 d5 3. c4 e6 4. Nc3 Bb4 5. Qa4+ Nc6 6. e3 O-O 7. Bd2 dxc4 8.
Bxc4 Bd6 9. Qc2 e5 10. dxe5 Nxe5 11. Nxe5 Bxe5 12. f4 Bxc3 13. Bxc3 g6 14. Rd1
Qe7 15. Bxf6 Qxf6 16. O-O Bg4 17. Rde1 Rad8 18. h3 Bd7 19. e4 Qd4+ 20. Kh2 Bc6
21. Re2 Kg7 22. Rf3 Rfe8 23. Rd3 Qf6 24. Rxd8 Rxd8 25. g3 Rd4 26. Bd5 Bxd5 27.
exd5 Qd6 28. Qc3 Qxd5 29. Qxc7 h5 30. Qc3 Kh7 31. Qb3 Qxb3 32. axb3 Rd3 33. h4
Rxb3 34. Kh3 Kg7 35. Rf2 Kf6 36. Re2 a5 0-1

[Event "44th Chess Olympiad Open 2022"]
[Site "Chennai"]
[Date "2022.07.30"]
[Round "2.35"]
[White "Laurusas, Tomas"]
[Black "Tran, Thanh Tu"]
[Result "1-0"]
[WhiteElo "2561"]
[BlackElo "2375"]
[Annotator "TA"]
[PlyCount "67"]
[EventDate "2022.07.29"]
[EventType "team-tourn"]
[EventCountry "IND"]
[SourceTitle "playchess.com"]
[Source "ChessBase"]
[SourceQuality "1"]
[WhiteTeam "Lithuania"]
[BlackTeam "Japan"]
[WhiteTeamCountry "LTU"]
[BlackTeamCountry "JPN"]

1. d4 Nf6 2. c4 e6 3. Nf3 d5 4. Nc3 Bb4 5. e3 O-O 6. Bd2 c6 7. Bd3 Nbd7 8. O-O
Qe7 9. a3 Bd6 10. c5 Bc7 11. e4 dxe4 12. Nxe4 Nd5 13. Bg5 f6 14. Bh4 Nf4 15.
Bg3 g5 16. Bc4 Re8 17. Re1 Nf8 18. h4 h6 19. Qc2 Kg7 20. Rad1 Bd7 21. Qc3 Nh7
22. Ba2 Rh8 23. Qb4 b5 24. Nd6 Kf8 25. Bxf4 gxf4 26. d5 e5 27. Nxb5 cxb5 28. d6
Bxd6 29. Rxd6 Rc8 30. c6 Bxc6 31. Rc1 a5 32. Rdxc6 axb4 33. Rxc8+ Kg7 34. R8c7
1-0

[Event "44th Chess Olympiad Open 2022"]
[Site "Chennai"]
[Date "2022.07.30"]
[Round "2.35"]
[White "Pultinevicius, Paulius"]
[Black "Averbukh, Alex"]
[Result "1-0"]
[WhiteElo "2539"]
[BlackElo "2155"]
[Annotator "TA"]
[PlyCount "133"]
[EventDate "2022.07.29"]
[EventType "team-tourn"]
[EventCountry "IND"]
[SourceTitle "playchess.com"]
[Source "ChessBase"]
[SourceQuality "1"]
[WhiteTeam "Lithuania"]
[BlackTeam "Japan"]
[WhiteTeamCountry "LTU"]
[BlackTeamCountry "JPN"]

1. d4 Nf6 2. c4 c5 3. d5 b5 4. cxb5 a6 5. e3 g6 6. Nc3 d6 7. a4 Bg7 8. Bc4 O-O
9. Nge2 axb5 10. Bxb5 Bb7 11. O-O Na6 12. e4 Nc7 13. Bg5 Nxb5 14. axb5 Rxa1 15.
Qxa1 Qb6 16. Qc1 Bc8 17. Ng3 Bd7 18. h3 Rb8 19. Re1 Bxb5 20. Bh6 Nd7 21. Bxg7
Kxg7 22. Nd1 f6 23. Ne3 Ne5 24. Qc3 Ba6 25. Ra1 Bc8 26. f4 Nf7 27. Nc4 Qb4 28.
Ra7 Qxc3 29. bxc3 Rb7 30. Ra3 Bd7 31. Kf2 h5 32. Nf1 g5 33. fxg5 Nxg5 34. Nfd2
Bb5 35. Ne3 Bd3 36. Nf5+ Kf7 37. Ke3 Bb5 38. h4 Nh7 39. Rb3 Ba6 40. Rxb7 Bxb7
41. Nf1 Bc8 42. N1g3 Nf8 43. Nxh5 Ng6 44. Nhg3 Ne5 45. h5 Nc4+ 46. Kf4 e6 47.
Ne3 Ne5 48. dxe6+ Kxe6 49. Ngf5 Bb7 50. Ng3 Nd3+ 51. Kg4 Ne5+ 52. Kh4 Nf7 53.
Ng4 d5 54. exd5+ Bxd5 55. Ne3 Bb7 56. Ne2 Ke5 57. Ng4+ Kf5 58. Nc1 Ke6 59. Nd3
c4 60. Nc5+ Kd5 61. Nxb7 Kc6 62. Na5+ Kb5 63. Nxf6 Kxa5 64. g4 Ka4 65. g5 Kb3
66. g6 Nd6 67. Nd5 1-0

[Event "44th Chess Olympiad Open 2022"]
[Site "Chennai"]
[Date "2022.07.30"]
[Round "2.35"]
[White "Kojima, Shinya"]
[Black "Stremavicius, Titas"]
[Result "1/2-1/2"]
[WhiteElo "2346"]
[BlackElo "2532"]
[Annotator "TA"]
[PlyCount "147"]
[EventDate "2022.07.29"]
[EventType "team-tourn"]
[EventCountry "IND"]
[SourceTitle "playchess.com"]
[Source "ChessBase"]
[SourceQuality "1"]
[WhiteTeam "Japan"]
[BlackTeam "Lithuania"]
[WhiteTeamCountry "JPN"]
[BlackTeamCountry "LTU"]

1. e4 c5 2. Nf3 Nc6 3. Bb5 e5 4. O-O Bd6 5. c3 a6 6. Ba4 b5 7. Bb3 c4 8. Bc2
Nf6 9. d4 cxd3 10. Qxd3 Bc7 11. Bg5 h6 12. Bxf6 Qxf6 13. Bb3 Rb8 14. Nbd2 O-O
15. Rfd1 Rd8 16. Nf1 d6 17. Ne3 Ne7 18. Ne1 Bb6 19. N1c2 g6 20. Rd2 a5 21. a3
Kg7 22. Qe2 h5 23. h3 Qg5 24. Kh1 Qh4 25. Nd5 Be6 26. Nxe7 Qxe7 27. Bd5 Ba7 28.
Rad1 Bd7 29. Ba2 Bc6 30. Bd5 Be8 31. Rd3 Rbc8 32. Qd2 Bd7 33. Ba2 Bb8 34. Ne3
Qh4 35. Bd5 Rf8 36. Nf1 Ba7 37. Ne3 Rcd8 38. Qe2 b4 39. axb4 axb4 40. c4 Bc5
41. Kg1 Rc8 42. Ra1 Be6 43. Qc2 Bd4 44. Qd2 Bxd5 45. Rxd4 exd4 46. Qxd4+ Qf6
47. Qxf6+ Kxf6 48. Nxd5+ Ke5 49. b3 Kxe4 50. Nxb4 Rb8 51. Re1+ Kf5 52. Nc6 Rb6
53. Nd4+ Kf6 54. Nb5 Rc8 55. Rd1 Ke6 56. Rd3 Rc5 57. Nd4+ Ke7 58. Nc2 Ra6 59.
Ne3 Ra3 60. g3 Re5 61. h4 Rea5 62. Kg2 Kd7 63. Nd5 Ra6 64. Rf3 f5 65. Nf4 d5
66. Nxd5 Re6 67. Rd3 Kc6 68. Nf4 Rd6 69. Rxd6+ Kxd6 70. Nxg6 Rxb3 71. Nf4 Rc3
72. Nxh5 Rxc4 73. Nf4 Ke5 74. Ng6+ 1/2-1/2

[Event "44th Chess Olympiad Open 2022"]
[Site "Chennai"]
[Date "2022.07.30"]
[Round "2.35"]
[White "Kobayashi, Atsuhiko"]
[Black "Kazakouski, Valery"]
[Result "1-0"]
[WhiteElo "2156"]
[BlackElo "2528"]
[Annotator "TA"]
[PlyCount "117"]
[EventDate "2022.07.29"]
[EventType "team-tourn"]
[EventCountry "IND"]
[SourceTitle "playchess.com"]
[Source "ChessBase"]
[SourceQuality "1"]
[WhiteTeam "Japan"]
[BlackTeam "Lithuania"]
[WhiteTeamCountry "JPN"]
[BlackTeamCountry "LTU"]

1. Nf3 d5 2. e3 Nf6 3. c4 e6 4. Nc3 a6 5. b3 b6 6. cxd5 exd5 7. g3 Bb7 8. Bg2
Bd6 9. Bb2 Nbd7 10. O-O O-O 11. Rc1 Re8 12. Re1 Rc8 13. d3 c5 14. d4 Qe7 15.
Nh4 Qe6 16. Ne2 Ba8 17. dxc5 bxc5 18. Qd3 Ne5 19. Qb1 Ned7 20. Qd3 Be5 21. Qb1
Bxb2 22. Qxb2 g5 23. Nf3 h6 24. Rc2 Qf5 25. Rec1 Rb8 26. h3 Rb6 27. g4 Qg6 28.
Ng3 h5 29. gxh5 Nxh5 30. Nxh5 Qxh5 31. Nh2 Rd6 32. Rd2 f5 33. Qc2 g4 34. hxg4
fxg4 35. Qd1 Ne5 36. Rc4 Nxc4 37. bxc4 d4 38. Nxg4 Qh8 39. Bxa8 Rxa8 40. exd4
Rxd4 41. Rxd4 cxd4 42. Qf3 Rd8 43. Nf6+ Kg7 44. Nh5+ Kh6 45. Nf4 Qg8+ 46. Kh2
Kg7 47. Nh5+ Kh6 48. Nf4 Kg7 49. Nh5+ Kh8 50. Qf6+ Kh7 51. Qh4 Kg6 52. f4 Qf8
53. Qg5+ Kf7 54. Qf6+ Kg8 55. Qg6+ Kh8 56. Nf6 Rd7 57. Qh5+ Kg7 58. Qg5+ Kf7
59. Nxd7 1-0

[Event "44th Chess Olympiad Open 2022"]
[Site "Chennai"]
[Date "2022.07.30"]
[Round "2.36"]
[White "Baenziger, Fabian"]
[Black "Al-Subaihi, Khalil"]
[Result "1-0"]
[WhiteElo "2451"]
[BlackElo "2141"]
[Annotator "TA"]
[PlyCount "45"]
[EventDate "2022.07.29"]
[EventType "team-tourn"]
[EventCountry "IND"]
[SourceTitle "playchess.com"]
[Source "ChessBase"]
[SourceQuality "1"]
[WhiteTeam "Switzerland"]
[BlackTeam "Yemen"]
[WhiteTeamCountry "SUI"]
[BlackTeamCountry "YEM"]

1. d4 Nf6 2. c4 e6 3. Nf3 d5 4. g3 c5 5. cxd5 exd5 6. Bg2 h6 7. O-O Nc6 8. Nc3
Be7 9. dxc5 Bxc5 10. a3 d4 11. Na4 Be7 12. b4 d3 13. exd3 Bf5 14. Re1 O-O 15.
Bb2 Bxd3 16. Nd4 Nxd4 17. Qxd3 Ne6 18. Qb3 b5 19. Nc3 Rb8 20. Nd5 Nxd5 21. Bxd5
Nc7 22. Rad1 Nxd5 23. Rxd5 1-0

[Event "44th Chess Olympiad Open 2022"]
[Site "Chennai"]
[Date "2022.07.30"]
[Round "2.36"]
[White "Al-Zendani, Zendan"]
[Black "Georgiadis, Nico"]
[Result "0-1"]
[WhiteElo "2284"]
[BlackElo "2578"]
[Annotator "TA"]
[PlyCount "81"]
[EventDate "2022.07.29"]
[EventType "team-tourn"]
[EventCountry "IND"]
[SourceTitle "playchess.com"]
[Source "ChessBase"]
[SourceQuality "1"]
[WhiteTeam "Yemen"]
[BlackTeam "Switzerland"]
[WhiteTeamCountry "YEM"]
[BlackTeamCountry "SUI"]

1. c4 e5 2. Nc3 Nf6 3. Nf3 Nc6 4. e4 Bb4 5. d3 d6 6. h3 O-O 7. Be2 Ne7 8. O-O
c6 9. Bg5 Ng6 10. Nh4 Nxh4 11. Bxh4 h6 12. Bxf6 Qxf6 13. Bg4 Be6 14. Rb1 Qe7
15. Qf3 g6 16. Qg3 Kh7 17. Bxe6 fxe6 18. a3 Bc5 19. b4 Bd4 20. Ne2 Bb6 21. Kh1
a5 22. bxa5 Bc5 23. f4 exf4 24. Rxf4 e5 25. Rff1 Rxf1+ 26. Rxf1 Rxa5 27. Qg4
Rxa3 28. Qc8 Kg7 29. d4 Bxd4 30. Nxd4 exd4 31. Rb1 Ra7 32. Qb8 b6 33. Qxb6 c5
34. Qb8 Rd7 35. Qa8 Qf7 36. Qc6 h5 37. Kg1 Qe7 38. Rb6 Ra7 39. Rb1 Qe5 40. Rf1
d3 41. Rd1 0-1

[Event "44th Chess Olympiad Open 2022"]
[Site "Chennai"]
[Date "2022.07.30"]
[Round "2.36"]
[White "Al Harazy, Khalid"]
[Black "Kurmann, Oliver"]
[Result "1-0"]
[WhiteElo "2149"]
[BlackElo "2463"]
[Annotator "TA"]
[PlyCount "53"]
[EventDate "2022.07.29"]
[EventType "team-tourn"]
[EventCountry "IND"]
[SourceTitle "playchess.com"]
[Source "ChessBase"]
[SourceQuality "1"]
[WhiteTeam "Yemen"]
[BlackTeam "Switzerland"]
[WhiteTeamCountry "YEM"]
[BlackTeamCountry "SUI"]

1. e4 c5 2. Nf3 Nc6 3. c3 Nf6 4. e5 Nd5 5. d4 cxd4 6. cxd4 d6 7. exd6 e6 8. Nc3
Qxd6 9. Bc4 Nxc3 10. bxc3 Be7 11. O-O O-O 12. a4 b6 13. Re1 Bb7 14. Bd3 Rad8
15. Qe2 Qd5 16. Be4 Qa5 17. Qb5 Rc8 18. Bd2 Qa6 19. Qh5 f5 20. Bxc6 Rxc6 21. d5
Rd6 22. Bg5 Bxg5 23. Nxg5 h6 24. dxe6 Bc6 25. e7 Re8 26. Qf7+ Kh8 27. Qf8+ 1-0

[Event "44th Chess Olympiad Open 2022"]
[Site "Chennai"]
[Date "2022.07.30"]
[Round "2.37"]
[White "Cruz, Cristhian"]
[Black "Cu Hor, Winston Darwin"]
[Result "1-0"]
[WhiteElo "2579"]
[BlackElo "2328"]
[Annotator "TA"]
[PlyCount "87"]
[EventDate "2022.07.29"]
[EventType "team-tourn"]
[EventCountry "IND"]
[SourceTitle "playchess.com"]
[Source "ChessBase"]
[SourceQuality "1"]
[WhiteTeam "Peru"]
[BlackTeam "Guatemala"]
[WhiteTeamCountry "PER"]
[BlackTeamCountry "GUA"]

1. d4 Nf6 2. c4 g6 3. Nc3 d5 4. Nf3 Bg7 5. Bg5 Ne4 6. Bf4 Nxc3 7. bxc3 O-O 8.
e3 c5 9. cxd5 cxd4 10. cxd4 Qxd5 11. Be2 Nc6 12. O-O Bf5 13. h4 Rad8 14. h5 Be4
15. h6 Bh8 16. Qa4 Qf5 17. Bg3 Qh5 18. Rac1 Qxh6 19. Rc5 Bf6 20. Rfc1 Rd5 21.
Bf4 g5 22. Bg3 Rfd8 23. Nd2 Rxc5 24. Rxc5 Bd5 25. Bc4 Bxc4 26. Qxc4 Qh5 27. Nf3
e6 28. Qb5 Be7 29. Rc1 Rd7 30. Ne5 a6 31. Qa4 Nxe5 32. Bxe5 Rd8 33. Qa5 f6 34.
Bg3 Qe8 35. Qb6 Kf7 36. Qxb7 Qa4 37. Qe4 f5 38. Qf3 g4 39. Qf4 Kg6 40. Qe5 Qxa2
41. e4 Kf7 42. d5 fxe4 43. Qxe6+ Kf8 44. Qh6+ 1-0

[Event "44th Chess Olympiad Open 2022"]
[Site "Chennai"]
[Date "2022.07.30"]
[Round "2.37"]
[White "Terry, Renato"]
[Black "Lorenzana, Wilson Estuardo"]
[Result "1/2-1/2"]
[WhiteElo "2502"]
[BlackElo "2182"]
[Annotator "TA"]
[PlyCount "90"]
[EventDate "2022.07.29"]
[EventType "team-tourn"]
[EventCountry "IND"]
[SourceTitle "playchess.com"]
[Source "ChessBase"]
[SourceQuality "1"]
[WhiteTeam "Peru"]
[BlackTeam "Guatemala"]
[WhiteTeamCountry "PER"]
[BlackTeamCountry "GUA"]

1. Nf3 c5 2. e3 Nf6 3. d4 e6 4. Bd3 d5 5. c3 Nbd7 6. Ne5 Nxe5 7. dxe5 Nd7 8. f4
g6 9. c4 dxc4 10. Bxc4 Nb6 11. Qxd8+ Kxd8 12. Be2 Bd7 13. Bf3 Kc7 14. Nc3 Bc6
15. Bxc6 Kxc6 16. Ke2 Be7 17. Ne4 Nd5 18. Bd2 b6 19. Rac1 a5 20. a4 Rad8 21.
Rhf1 Rd7 22. Be1 Rhd8 23. g4 f5 24. exf6 Nxf6 25. Nf2 Nd5 26. Ne4 h6 27. Rf3
Nf6 28. Nf2 g5 29. Rc4 Rg8 30. f5 exf5 31. Rxf5 Rg6 32. Nd3 Bd6 33. h3 Re7 34.
Kf3 Nd7 35. b3 Rge6 36. Bd2 Bh2 37. Kg2 Rd6 38. Rc3 Be5 39. Nxe5+ Nxe5 40. Be1
Nd3 41. Bf2 Ree6 42. Kf3 Nxf2 43. Kxf2 Rd2+ 44. Kf3 Rh2 45. Kg3 Re2 1/2-1/2

[Event "44th Chess Olympiad Open 2022"]
[Site "Chennai"]
[Date "2022.07.30"]
[Round "2.37"]
[White "Galvez Dastin, Eduardo"]
[Black "Vera Siguenas, Deivy"]
[Result "1-0"]
[WhiteElo "2152"]
[BlackElo "2503"]
[Annotator "TA"]
[PlyCount "69"]
[EventDate "2022.07.29"]
[EventType "team-tourn"]
[EventCountry "IND"]
[SourceTitle "playchess.com"]
[Source "ChessBase"]
[SourceQuality "1"]
[WhiteTeam "Guatemala"]
[BlackTeam "Peru"]
[WhiteTeamCountry "GUA"]
[BlackTeamCountry "PER"]

1. d4 Nf6 2. c4 e6 3. Nc3 Bb4 4. e3 O-O 5. Bd2 c5 6. a3 Bxc3 7. Bxc3 Ne4 8. Rc1
b6 9. Nf3 Bb7 10. Bd3 Nxc3 11. Rxc3 cxd4 12. exd4 Qf6 13. Bb1 d6 14. O-O Nd7
15. d5 e5 16. Nd2 g6 17. Ne4 Qe7 18. Qd2 Nc5 19. Ng5 Bc8 20. b4 Nb7 21. f4 h6
22. Nh3 f5 23. fxe5 Qxe5 24. Nf4 Kh7 25. Re1 Qf6 26. Rce3 Bd7 27. Re7+ Rf7 28.
Rxf7+ Qxf7 29. Qd4 Re8 30. Rxe8 Qxe8 31. Kf2 Qe7 32. Qh8+ Kxh8 33. Nxg6+ Kg7
34. Nxe7 Kf6 35. Nc6 1-0

[Event "44th Chess Olympiad Open 2022"]
[Site "Chennai"]
[Date "2022.07.30"]
[Round "2.38"]
[White "Adly, Ahmed"]
[Black "Tapia Ostolaza, Alexei"]
[Result "1-0"]
[WhiteElo "2582"]
[BlackElo "2201"]
[Annotator "TA"]
[PlyCount "81"]
[EventDate "2022.07.29"]
[EventType "team-tourn"]
[EventCountry "IND"]
[SourceTitle "playchess.com"]
[Source "ChessBase"]
[SourceQuality "1"]
[WhiteTeam "Egypt"]
[BlackTeam "Panama"]
[WhiteTeamCountry "EGY"]
[BlackTeamCountry "PAN"]

1. Nf3 d5 2. g3 Nf6 3. Bg2 c5 4. O-O Nc6 5. d4 e6 6. c4 dxc4 7. Qa4 Bd7 8. Qxc4
cxd4 9. Nxd4 Rc8 10. Nc3 Be7 11. Rd1 Qb6 12. Nxc6 Bxc6 13. Be3 Qa5 14. Bxc6+
Rxc6 15. Qb3 Qa6 16. Nb5 O-O 17. Nxa7 Rc4 18. a4 Nd5 19. Nb5 Rb4 20. Qc2 Nxe3
21. fxe3 Qb6 22. Rd4 e5 23. Re4 Qg6 24. Rc4 Qb6 25. Kf2 Qh6 26. h4 Rxc4 27.
Qxc4 g5 28. Rh1 gxh4 29. gxh4 b6 30. Nc3 Bc5 31. Qg4+ Kh8 32. Qg5 Qxg5 33. hxg5
f5 34. Nd5 f4 35. Kf3 fxe3+ 36. Nf6 Kg7 37. Rxh7+ Kg6 38. Kg4 Bd4 39. Rh6+ Kf7
40. Kf5 Ke7 41. Rh7+ 1-0

[Event "44th Chess Olympiad Open 2022"]
[Site "Chennai"]
[Date "2022.07.30"]
[Round "2.38"]
[White "Sanchez Alvarez, Roberto Carlos"]
[Black "Amin, Bassem"]
[Result "1-0"]
[WhiteElo "2431"]
[BlackElo "2680"]
[Annotator "TA"]
[PlyCount "65"]
[EventDate "2022.07.29"]
[EventType "team-tourn"]
[EventCountry "IND"]
[SourceTitle "playchess.com"]
[Source "ChessBase"]
[SourceQuality "1"]
[WhiteTeam "Panama"]
[BlackTeam "Egypt"]
[WhiteTeamCountry "PAN"]
[BlackTeamCountry "EGY"]

1. d4 Nf6 2. c4 g6 3. Nc3 Bg7 4. e4 d6 5. h3 Nbd7 6. Be3 e5 7. d5 h5 8. Qd2 Nc5
9. f3 h4 10. Bg5 Rh5 11. b4 Ncd7 12. a3 a5 13. Rb1 axb4 14. axb4 c5 15. Nb5 Ra6
16. Be3 Bf8 17. Bd3 cxb4 18. Qxb4 Nc5 19. Bxc5 dxc5 20. Qb2 Bh6 21. Kf2 Kf8 22.
Ne2 Ne8 23. Rhd1 Bd7 24. Bc2 Kg8 25. Ra1 Qf6 26. Rxa6 Qxa6 27. d6 Bf8 28. Nc7
Qc6 29. Nxe8 Bxe8 30. Nc3 Bxd6 31. Ba4 b5 32. Bxb5 Qb6 33. Nd5 1-0

[Event "44th Chess Olympiad Open 2022"]
[Site "Chennai"]
[Date "2022.07.30"]
[Round "2.38"]
[White "Wageih, Kareim"]
[Black "Leon Archibaldo, Orlando Andres"]
[Result "1-0"]
[WhiteElo "2387"]
[BlackElo "2193"]
[Annotator "TA"]
[PlyCount "95"]
[EventDate "2022.07.29"]
[EventType "team-tourn"]
[EventCountry "IND"]
[SourceTitle "playchess.com"]
[Source "ChessBase"]
[SourceQuality "1"]
[WhiteTeam "Egypt"]
[BlackTeam "Panama"]
[WhiteTeamCountry "EGY"]
[BlackTeamCountry "PAN"]

1. e4 c5 2. Nf3 e6 3. Nc3 a6 4. d4 cxd4 5. Nxd4 Qc7 6. Bd3 Nf6 7. Qe2 d6 8. f4
Nbd7 9. g4 Nc5 10. g5 Nfd7 11. Bd2 b5 12. b4 Nxd3+ 13. cxd3 Bb7 14. Rc1 Rc8 15.
O-O Qd8 16. f5 exf5 17. Nd5 Ne5 18. Nxf5 Bxd5 19. exd5 Rxc1 20. Bxc1 Kd7 21. d4
Nc4 22. Qg4 Kc7 23. Ne3 Nxe3 24. Rxf7+ Be7 25. Bxe3 Kb6 26. Qf5 Rf8 27. Rxf8
Qxf8 28. Qd7 Qd8 29. Qc6+ Ka7 30. h4 h6 31. Bf4 hxg5 32. hxg5 Qf8 33. Qd7+ Kb6
34. Be3 g6 35. Qe6 Qg7 36. Kg2 Kc7 37. Bf4 Bf8 38. Qe8 Qe7 39. Qxg6 Qe2+ 40.
Kg3 Qe1+ 41. Kg4 Qd1+ 42. Kf5 Qd3+ 43. Kf6 Qxd4+ 44. Ke6 Kb6 45. Qf6 Qe4+ 46.
Kd7 Qxd5 47. Qd8+ Kb7 48. Qc8+ 1-0

[Event "44th Chess Olympiad Open 2022"]
[Site "Chennai"]
[Date "2022.07.30"]
[Round "2.38"]
[White "Delgado Rosas, Alex Antonio"]
[Black "Hesham, Abdelrahman"]
[Result "0-1"]
[WhiteElo "2149"]
[BlackElo "2386"]
[Annotator "TA"]
[PlyCount "60"]
[EventDate "2022.07.29"]
[EventType "team-tourn"]
[EventCountry "IND"]
[SourceTitle "playchess.com"]
[Source "ChessBase"]
[SourceQuality "1"]
[WhiteTeam "Panama"]
[BlackTeam "Egypt"]
[WhiteTeamCountry "PAN"]
[BlackTeamCountry "EGY"]

1. d4 Nf6 2. Bf4 g6 3. Nc3 d5 4. e3 Bg7 5. Nb5 Na6 6. Nf3 O-O 7. h3 Ne4 8. Bd3
c6 9. Nc3 Nxc3 10. bxc3 Qa5 11. O-O Qxc3 12. Bxa6 bxa6 13. Qd2 Qxd2 14. Nxd2 f6
15. Nb3 e5 16. Bg3 Bf5 17. Rfc1 Rfe8 18. c4 Rac8 19. Rc3 Be6 20. cxd5 cxd5 21.
Rac1 Rc4 22. Nc5 Bf7 23. Nxa6 exd4 24. exd4 Re2 25. a3 Bh6 26. Rxc4 dxc4 27.
Rc3 Bd2 28. Rc2 c3 29. Nc5 g5 30. Bc7 Bg6 0-1

[Event "44th Chess Olympiad Open 2022"]
[Site "Chennai"]
[Date "2022.07.30"]
[Round "2.39"]
[White "Kadric, Denis"]
[Black "Abdulwahhab, Ahmed Abdulsattar A"]
[Result "1-0"]
[WhiteElo "2554"]
[BlackElo "2251"]
[Annotator "TA"]
[PlyCount "86"]
[EventDate "2022.07.29"]
[EventType "team-tourn"]
[EventCountry "IND"]
[SourceTitle "playchess.com"]
[Source "ChessBase"]
[SourceQuality "1"]
[WhiteTeam "Montenegro"]
[BlackTeam "Iraq"]
[WhiteTeamCountry "MNE"]
[BlackTeamCountry "IRQ"]

1. e4 c5 2. Nf3 Nc6 3. d4 cxd4 4. Nxd4 Qc7 5. Nc3 e6 6. Be3 a6 7. Qd2 Nf6 8. f3
Ne5 9. O-O-O Bb4 10. Nb3 b5 11. Qe1 Rb8 12. Qg3 Nh5 13. Qh4 g6 14. g4 Be7 15.
Qf2 Nf6 16. Bd4 Nc6 17. Be3 d6 18. Kb1 Na5 19. Ba7 Rb7 20. Bd4 O-O 21. h4 Nc4
22. g5 Nh5 23. f4 b4 24. Na4 e5 25. fxe5 dxe5 26. Bc5 Nd6 27. Qe3 Nb5 28. Bb6
Qb8 29. Na5 Bg4 30. Nxb7 Bxd1 31. Nbc5 Nd4 32. Bd3 Bg4 33. Nxa6 Qb7 34. Nc7 Bd7
35. Ba6 Qc6 36. Nd5 Qxc2+ 37. Ka1 Bd6 38. Bxd4 Qxa4 39. Nb6 Qxa6 40. Nxd7 exd4
41. Qxd4 b3 42. a4 Ra8 43. e5 Qc6 1-0

[Event "44th Chess Olympiad Open 2022"]
[Site "Chennai"]
[Date "2022.07.30"]
[Round "2.39"]
[White "Draskovic, Luka"]
[Black "Ahmed, Ali Layth Ahmed"]
[Result "1-0"]
[WhiteElo "2503"]
[BlackElo "2249"]
[Annotator "TA"]
[PlyCount "89"]
[EventDate "2022.07.29"]
[EventType "team-tourn"]
[EventCountry "IND"]
[SourceTitle "playchess.com"]
[Source "ChessBase"]
[SourceQuality "1"]
[WhiteTeam "Montenegro"]
[BlackTeam "Iraq"]
[WhiteTeamCountry "MNE"]
[BlackTeamCountry "IRQ"]

1. e4 c6 2. d4 d5 3. e5 Bf5 4. h4 h5 5. Bd3 Bxd3 6. Qxd3 Qa5+ 7. Nd2 e6 8. Ngf3
Nh6 9. O-O Nf5 10. Nb3 Qb5 11. Qd1 c5 12. a4 Qb6 13. dxc5 Bxc5 14. Nxc5 Qxc5
15. c3 Nc6 16. Re1 Rd8 17. Bg5 Rd7 18. Rc1 Qb6 19. b4 a6 20. Nd2 a5 21. b5 Nce7
22. c4 dxc4 23. Qf3 O-O 24. Nxc4 Qa7 25. Qxh5 Ng6 26. Qg4 Rd4 27. Re4 Rxe4 28.
Qxe4 Rc8 29. Rd1 b6 30. h5 Nf8 31. Nd6 Nxd6 32. exd6 Qd7 33. Be3 Rb8 34. h6 Ng6
35. hxg7 e5 36. f3 Kxg7 37. Qc6 Nf8 38. Bxb6 Rc8 39. Qxd7 Nxd7 40. Bc7 Kf6 41.
b6 Ke6 42. b7 Rg8 43. Rb1 Nb8 44. Rb5 f6 45. Rxa5 1-0

[Event "44th Chess Olympiad Open 2022"]
[Site "Chennai"]
[Date "2022.07.30"]
[Round "2.39"]
[White "Salih, Akar Ali Salih"]
[Black "Djukic, Nikola"]
[Result "0-1"]
[WhiteElo "2243"]
[BlackElo "2526"]
[Annotator "TA"]
[PlyCount "60"]
[EventDate "2022.07.29"]
[EventType "team-tourn"]
[EventCountry "IND"]
[SourceTitle "playchess.com"]
[Source "ChessBase"]
[SourceQuality "1"]
[WhiteTeam "Iraq"]
[BlackTeam "Montenegro"]
[WhiteTeamCountry "IRQ"]
[BlackTeamCountry "MNE"]

1. d4 d5 2. Nf3 Nf6 3. c4 c6 4. e3 Bg4 5. Nc3 e6 6. h3 Bf5 7. Ne5 h6 8. Bd3
Bxd3 9. Qxd3 Nbd7 10. Nxd7 Qxd7 11. O-O Be7 12. c5 b6 13. b4 O-O 14. Bd2 Qc7
15. f4 Nd7 16. f5 e5 17. Rac1 bxc5 18. bxc5 Rab8 19. Rc2 Rfe8 20. Be1 Bg5 21.
h4 Bf6 22. Ne2 Qd8 23. Qa6 Qc8 24. Qa4 exd4 25. exd4 Re4 26. Bg3 Rb5 27. Rf4
Qe8 28. Qxa7 Nxc5 29. dxc5 Rxe2 30. Rxe2 Qxe2 0-1